00680nam a2200169 a 4500003000200000005001700002008004100019050003000060100001700090245011600107260009000223300004000313504004100353650004000394650003900434650003700473020250618121932.0021119s19uu xx 00 eng d aPHS LB 1027.23b.M67 2000 aMori, Leona. aPerception of students or teachers on the teaching techniques in Southville International School /cLeona Mori. aLas Piñas City, Philippines :bSouthville International School and Colleges,c2000. a46 pages :billustrations ;c28 cm. aIncludes bibliographical references. aTeachingxMethodologyzPhilippines. aTeachingzPhilippinesxEvaluation. aTeachingxPsychological aspects.